[Event "LSS PY-2009-0-00001"]
[Site "LSS email"]
[Date "2010.01.21"]
[Round "?"]
[White "Weiss, Lester P"]
[Black "Motz, Markus"]
[Result "1-0"]
[WhiteElo "2051"]
[BlackElo "1122"]
[PlyCount "59"]
[EventDate "2009.02.01"]
[EventType "tourn (corr)"]
[EventRounds "6"]
[EventCountry "GER"]
[SourceTitle "Corr 2013"]
[Source "ChessBase"]
[SourceDate "2012.11.12"]
[SourceVersion "1"]
[SourceVersionDate "2012.11.12"]
[SourceQuality "1"]
[WhiteTeam "US of America"]
[BlackTeam "US of America"]
[WhiteTeamCountry "USA"]
[BlackTeamCountry "USA"]

1. e4 e6 2. d4 d5 3. Nc3 Nf6 4. Bg5 dxe4 5. Nxe4 Be7 6. Bxf6 Bxf6 7. Nf3 Nd7 8. Qd2 0-0 9. 0-0-0 h6 10. h4 b6 11. g4 Bb7 12. Qe2 Be7 13. g5 h5 14. Rg1 g6 15. Qe3 Kg7 16. Kb1 Bd5 17. Bd3 a5 18. c4 Bb7 19. Ne5 Nxe5 20. dxe5 Qc8 21. Nf6 Rd8 22. Bc2 Bc6 23. Rxd8 Qxd8 24. Be4 Bxe4+ 25. Qxe4 a4 26. Kc2 Ra5 27. Rd1 Qa8 28. Qxa8 Rxa8 29. Rd7 Bxf6 30. exf6+ 1-0

[Event "LSS OP-2009-0-00981"]
[Site "LSS email"]
[Date "2009.11.04"]
[Round "?"]
[White "Ortiz de Latierro Olivella, Aitor"]
[Black "Motz, Markus"]
[Result "0-1"]
[WhiteElo "800"]
[BlackElo "1059"]
[PlyCount "36"]
[EventDate "2009.10.23"]
[EventType "tourn (corr)"]
[EventRounds "4"]
[EventCountry "GER"]
[SourceTitle "Telechess CBM 137"]
[Source "ChessBase"]
[SourceDate "2010.07.15"]
[SourceVersion "1"]
[SourceVersionDate "2010.07.15"]
[SourceQuality "1"]

1. e4 e6 2. d4 d5 3. Nc3 Nf6 4. exd5 exd5 5. Nf3 c6 6. Bd3 Be7 7. Bf4 0-0 8. 0-0 Bg4 9. h3 Bh5 10. Re1 Re8 11. a4 Qb6 12. a5 Qd8 13. Nb1 Na6 14. Bxa6 bxa6 15. Nbd2 Qd7 16. c3 c5 17. Qa4 Qxa4 18. Rxa4 h6 0-1

[Event "LSS No Engine Cup 09 Preliminary 2"]
[Site "LSS email"]
[Date "2009.10.31"]
[Round "?"]
[White "D'Emilia, Jack"]
[Black "Motz, Markus"]
[Result "0-1"]
[WhiteElo "1140"]
[BlackElo "1142"]
[PlyCount "102"]
[EventDate "2009.11.01"]
[EventType "tourn (corr)"]
[EventRounds "6"]
[EventCountry "GER"]
[SourceTitle "Corr 2013"]
[Source "ChessBase"]
[SourceDate "2012.11.12"]
[SourceVersion "1"]
[SourceVersionDate "2012.11.12"]
[SourceQuality "1"]

1. e4 e6 2. d4 d5 3. exd5 exd5 4. Nc3 c6 5. Nf3 Bd6 6. Bd3 Ne7 7. 0-0 0-0 8. Bxh7+ Kxh7 9. Ng5+ Kg8 10. Qh5 Bf5 11. f4 Bg6 12. Qe2 Nf5 13. Qf2 Nd7 14. Bd2 Nf6 15. h3 Qb6 16. b3 Qxd4 17. Qxd4 Nxd4 18. Rac1 Bxc2 19. Nf3 Nxf3+ 20. Rxf3 Be4 21. Nxe4 Nxe4 22. Be3 f5 23. Kh1 a5 24. a4 Bb4 25. Kh2 c5 26. h4 d4 27. Bg1 Rae8 28. Rd3 Rf6 29. Rcd1 Rb6 30. Kh3 Bc3 31. Rb1 Nd2 32. Rxd2 Bxd2 33. g3 Re1 34. Rxe1 Bxe1 35. b4 Rxb4 36. h5 Rxa4 37. Kh4 Ra3 38. Bh2 Bxg3+ 39. Bxg3 Rxg3 40. Kxg3 a4 41. Kh4 d3 42. Kg5 d2 43. Kxf5 d1Q 44. Ke6 Qxh5 45. f5 Qf7+ 46. Ke5 a3 47. Kd6 a2 48. Kxc5 Qf6 49. Kb5 Qc6+ 50. Kb4 a1Q 51. Kb3 Qb1+ 0-1

[Event "LSS No Engine Cup Gr09 prel 02 email"]
[Site "LSS email"]
[Date "2009.10.31"]
[Round "?"]
[White "Motz, Markus"]
[Black "De Jong, Bert"]
[Result "1/2-1/2"]
[WhiteElo "886"]
[BlackElo "1890"]
[PlyCount "37"]
[EventDate "2009.11.01"]
[EventType "tourn (corr)"]
[EventRounds "6"]
[EventCountry "GER"]
[SourceTitle "Telechess CBM 137"]
[Source "ChessBase"]
[SourceDate "2010.07.15"]
[SourceVersion "1"]
[SourceVersionDate "2010.07.15"]
[SourceQuality "1"]

1. d4 Nf6 2. Nf3 e6 3. c4 b6 4. g3 Ba6 5. Nbd2 Bb7 6. Bg2 Be7 7. 0-0 0-0 8. Qc2 d5 9. cxd5 exd5 10. Ne5 c5 11. e3 Nbd7 12. Rd1 Rc8 13. Qa4 Qc7 14. Nxd7 Nxd7 15. e4 cxd4 16. exd5 Nf6 17. Ne4 Nxd5 18. Rxd4 Rfd8 19. Bg5 1/2-1/2

[Event "LSS No Engine Cup 09 Preliminary 2"]
[Site "LSS email"]
[Date "2009.10.31"]
[Round "?"]
[White "Paetzold, Ortwin"]
[Black "Motz, Markus"]
[Result "0-1"]
[WhiteElo "1353"]
[BlackElo "1157"]
[PlyCount "58"]
[EventDate "2009.11.01"]
[EventType "tourn (corr)"]
[EventRounds "6"]
[EventCountry "GER"]
[SourceTitle "Corr 2013"]
[Source "ChessBase"]
[SourceDate "2012.11.12"]
[SourceVersion "1"]
[SourceVersionDate "2012.11.12"]
[SourceQuality "1"]

1. e4 e6 2. d4 d5 3. Nc3 Nf6 4. Bg5 dxe4 5. Nxe4 Be7 6. Nf3 Nxe4 7. Bxe7 Qxe7 8. Bd3 Nf6 9. 0-0 0-0 10. c3 h6 11. Ne5 c5 12. dxc5 Qxc5 13. Qe2 Bd7 14. Nxd7 Nbxd7 15. Rad1 Rad8 16. Rd2 Ne5 17. Rfd1 Nxd3 18. Rxd3 Rxd3 19. Rxd3 Qc7 20. g3 Rd8 21. f3 Rxd3 22. Qxd3 Qb6+ 23. Kh1 Qxb2 24. a4 Qa1+ 25. Kg2 Qxa4 26. Qd8+ Qe8 27. Qc7 Qc6 28. Qd8+ Kh7 29. Qd3+ g6 0-1

[Event "LSS RN-2009-0-00237"]
[Site "LSS email"]
[Date "2009.10.29"]
[Round "?"]
[White "Motz, Markus"]
[Black "Ong, Allan C"]
[Result "1-0"]
[WhiteElo "1043"]
[BlackElo "679"]
[PlyCount "63"]
[EventDate "2009.10.11"]
[EventType "tourn (corr)"]
[EventRounds "6"]
[EventCountry "GER"]
[SourceTitle "Telechess CBM 137"]
[Source "ChessBase"]
[SourceDate "2010.07.15"]
[SourceVersion "1"]
[SourceVersionDate "2010.07.15"]
[SourceQuality "1"]

1. d4 f5 2. e4 e6 3. exf5 exf5 4. Bd3 d5 5. Nf3 c6 6. 0-0 Nf6 7. Re1+ Be7 8. c4 0-0 9. Nc3 Nbd7 10. Bxf5 Bd6 11. Be6+ Kh8 12. cxd5 cxd5 13. Nxd5 Nxd5 14. Bxd5 Nb6 15. Be4 Bg4 16. h3 Bh5 17. Qd3 Nd7 18. Ng5 Nf6 19. Bxh7 Re8 20. Bd2 Qc7 21. Bf5 Bf4 22. Ne6 Bh2+ 23. Kh1 Qd6 24. f4 Bg3 25. Qxg3 Re7 26. Rac1 Rg8 27. a3 g6 28. Bb4 Qd7 29. Bxe7 Qxe7 30. Rc7 Qd6 31. Qg5 Qd8 32. Qh6+ 1-0

[Event "LSS SN-2009-0-00196"]
[Site "LSS email"]
[Date "2009.10.29"]
[Round "?"]
[White "Vontina, Maria"]
[Black "Motz, Markus"]
[Result "0-1"]
[WhiteElo "642"]
[BlackElo "886"]
[PlyCount "80"]
[EventDate "2009.10.13"]
[EventType "tourn (corr)"]
[EventRounds "6"]
[EventCountry "GER"]
[SourceTitle "Telechess CBM 137"]
[Source "ChessBase"]
[SourceDate "2010.07.15"]
[SourceVersion "1"]
[SourceVersionDate "2010.07.15"]
[SourceQuality "1"]

1. d4 Nf6 2. c4 e5 3. Nc3 exd4 4. Qxd4 Nc6 5. Qd1 Be7 6. Nf3 0-0 7. Bg5 d6 8. g3 Be6 9. b3 h6 10. Bc1 d5 11. cxd5 Nxd5 12. Nxd5 Bxd5 13. Bg2 Bf6 14. 0-0 Bxa1 15. Ba3 Bxf3 16. Bxf3 Qxd1 17. Rxd1 Bf6 18. Bxf8 Rxf8 19. Rd7 Nd4 20. Rxc7 Nxf3+ 21. exf3 Rb8 22. Kf1 Kf8 23. Ke2 Bd4 24. f4 a5 25. h3 b6 26. Rd7 Re8+ 27. Kf1 Bc5 28. Rd2 Re6 29. Rc2 Rd6 30. Ke2 Ke7 31. f3 f5 32. Rb2 h5 33. Rc2 h4 34. g4 Rd4 35. Rc4 Rxc4 36. bxc4 g6 37. a4 Kd6 38. Kd3 Bg1 39. Ke2 Kc5 40. Kd3 Bd4 0-1

[Event "LSS RN-2009-0-00236"]
[Site "LSS email"]
[Date "2009.10.28"]
[Round "?"]
[White "Chandler, Mark"]
[Black "Motz, Markus"]
[Result "0-1"]
[WhiteElo "885"]
[BlackElo "886"]
[PlyCount "82"]
[EventDate "2009.10.02"]
[EventType "tourn (corr)"]
[EventRounds "6"]
[EventCountry "GER"]
[SourceTitle "Telechess CBM 137"]
[Source "ChessBase"]
[SourceDate "2010.07.15"]
[SourceVersion "1"]
[SourceVersionDate "2010.07.15"]
[SourceQuality "1"]

1. e4 e6 2. d4 d5 3. Nc3 Nf6 4. e5 Nfd7 5. Bd3 c5 6. Be3 Nc6 7. Nf3 c4 8. Be2 Bb4 9. 0-0 0-0 10. Na4 f6 11. Nc5 Bxc5 12. dxc5 Ncxe5 13. Nxe5 fxe5 14. Bg4 Nf6 15. Bh3 d4 16. Bg5 Qd5 17. b4 cxb3 18. cxb3 Qxc5 19. Rc1 Qd6 20. Re1 Bd7 21. b4 Rac8 22. Qf3 Rxc1 23. Rxc1 Qxb4 24. g3 Qb2 25. Rc7 Ne8 26. Qxf8+ Kxf8 27. Rxd7 Nf6 28. Rd8+ Ke7 29. Rg8 Kf7 30. Bxf6 Kxg8 31. Bxe5 Qb1+ 32. Kg2 Qe4+ 33. f3 Qxe5 34. Bg4 h5 35. f4 Qc5 36. Bd1 d3 37. h3 Qc2+ 38. Bxc2 dxc2 39. g4 c1Q 40. g5 Qxf4 41. g6 e5 0-1

[Event "LSS SN-2009-0-00195"]
[Site "LSS email"]
[Date "2009.10.27"]
[Round "?"]
[White "Jokmin, Guido"]
[Black "Motz, Markus"]
[Result "0-1"]
[WhiteElo "591"]
[BlackElo "886"]
[PlyCount "48"]
[EventDate "2009.10.13"]
[EventType "tourn (corr)"]
[EventRounds "6"]
[EventCountry "GER"]
[SourceTitle "Telechess CBM 137"]
[Source "ChessBase"]
[SourceDate "2010.07.15"]
[SourceVersion "1"]
[SourceVersionDate "2010.07.15"]
[SourceQuality "1"]

1. e4 e6 2. Nf3 d5 3. d4 dxe4 4. Ne5 Nd7 5. Bb5 c6 6. Bc4 Nxe5 7. dxe5 Qxd1+ 8. Kxd1 Bd7 9. Bg5 f6 10. exf6 gxf6 11. Be3 Bh6 12. Re1 Bxe3 13. Rxe3 f5 14. Nd2 Nf6 15. h3 Rg8 16. g3 0-0-0 17. a4 Rg6 18. Ke2 e5 19. Nb3 f4 20. Rc3 f3+ 21. Ke1 Bxh3 22. Nc5 Rh6 23. b4 Bf5 24. b5 Rh1+ 0-1

[Event "LSS SN-2009-0-00195"]
[Site "LSS email"]
[Date "2009.10.27"]
[Round "?"]
[White "Motz, Markus"]
[Black "Willoughby, Peter"]
[Result "1-0"]
[WhiteElo "886"]
[BlackElo "737"]
[PlyCount "81"]
[EventDate "2009.10.13"]
[EventType "tourn (corr)"]
[EventRounds "6"]
[EventCountry "GER"]
[SourceTitle "Telechess CBM 137"]
[Source "ChessBase"]
[SourceDate "2010.07.15"]
[SourceVersion "1"]
[SourceVersionDate "2010.07.15"]
[SourceQuality "1"]

1. d4 Nf6 2. Nf3 g6 3. c4 c5 4. d5 b5 5. e3 bxc4 6. Bxc4 Ba6 7. Bxa6 Nxa6 8. 0-0 Bg7 9. e4 Nxe4 10. Qd3 Qb6 11. Qxe4 Bxb2 12. Bxb2 Qxb2 13. Nbd2 Qf6 14. d6 Rc8 15. dxe7 Qxe7 16. Qb7 0-0 17. Qxa6 d5 18. Rfe1 Qc7 19. Rab1 c4 20. Rb7 Qc6 21. Qxc6 Rxc6 22. Rd7 c3 23. Nb3 Rfc8 24. Ree7 c2 25. Nc1 Rf6 26. Rc7 Rxc7 27. Rxc7 d4 28. Rxc2 Rd6 29. Rd2 f5 30. Nxd4 Kf7 31. Kf1 a6 32. Ncb3 Kf6 33. f4 g5 34. Rc2 gxf4 35. Rc6 Rxc6 36. Nxc6 Kg5 37. a4 Kg4 38. Kf2 h5 39. a5 h4 40. h3+ Kg5 41. Nc5 1-0

[Event "LSS SN-2009-0-00193"]
[Site "LSS email"]
[Date "2009.10.17"]
[Round "?"]
[White "Vontina, Maria"]
[Black "Motz, Markus"]
[Result "0-1"]
[WhiteElo "613"]
[BlackElo "907"]
[PlyCount "46"]
[EventDate "2009.10.05"]
[EventType "tourn (corr)"]
[EventRounds "6"]
[EventCountry "GER"]
[SourceTitle "Telechess CBM 137"]
[Source "ChessBase"]
[SourceDate "2010.07.15"]
[SourceVersion "1"]
[SourceVersionDate "2010.07.15"]
[SourceQuality "1"]

1. e4 e6 2. d4 d5 3. Nc3 Nf6 4. Bg5 dxe4 5. Nxe4 Be7 6. Nxf6+ Bxf6 7. Bxf6 Qxf6 8. Nf3 0-0 9. Bd3 Bd7 10. 0-0 Bc6 11. Be2 Bxf3 12. Bxf3 c6 13. c3 Nd7 14. Re1 g6 15. Qd2 Rfe8 16. Re2 e5 17. Rae1 Kf8 18. dxe5 Nxe5 19. Be4 Rad8 20. Qc1 Re6 21. Qh6+ Ke7 22. Qxh7 Rh8 23. Qxh8 Qxh8 0-1

[Event "LSS SN-2009-0-00192"]
[Site "LSS email"]
[Date "2009.10.14"]
[Round "?"]
[White "Motz, Markus"]
[Black "Vontina, Maria"]
[Result "1-0"]
[WhiteElo "907"]
[BlackElo "613"]
[PlyCount "41"]
[EventDate "2009.09.30"]
[EventType "tourn (corr)"]
[EventRounds "6"]
[EventCountry "GER"]
[SourceTitle "Telechess CBM 137"]
[Source "ChessBase"]
[SourceDate "2010.07.15"]
[SourceVersion "1"]
[SourceVersionDate "2010.07.15"]
[SourceQuality "1"]

1. d4 Nf6 2. Nf3 e6 3. Bf4 Be7 4. e3 b6 5. c4 Bb7 6. Bd3 0-0 7. 0-0 Ne4 8. Qc2 Nf6 9. e4 d6 10. Nc3 Nbd7 11. h3 a6 12. Be3 Rc8 13. Rac1 c5 14. e5 dxe5 15. dxe5 Ne8 16. Rfd1 g6 17. Be4 Ng7 18. Bxb7 Rb8 19. Bc6 Qc7 20. Bxd7 Rfd8 21. Ba4 1-0

[Event "LSS OP-2009-0-00964"]
[Site "LSS email"]
[Date "2009.10.12"]
[Round "?"]
[White "Motz, Markus"]
[Black "Secondi, Alberto"]
[Result "1-0"]
[WhiteElo "1047"]
[BlackElo "1095"]
[PlyCount "113"]
[EventDate "2009.10.05"]
[EventType "tourn (corr)"]
[EventRounds "4"]
[EventCountry "GER"]
[SourceTitle "Telechess CBM 137"]
[Source "ChessBase"]
[SourceDate "2010.07.15"]
[SourceVersion "1"]
[SourceVersionDate "2010.07.15"]
[SourceQuality "1"]

1. d4 d5 2. Nf3 Nc6 3. Bf4 Nf6 4. e3 e6 5. h3 Bd6 6. Nbd2 Bxf4 7. exf4 0-0 8. c3 Bd7 9. Bd3 Re8 10. 0-0 a6 11. Ne5 Qe7 12. Ndf3 Na7 13. Re1 b5 14. Nxd7 Qxd7 15. Ne5 Qd6 16. Bc2 Nc6 17. Qd3 g6 18. g4 Kg7 19. f5 exf5 20. gxf5 Nxe5 21. dxe5 Rxe5 22. Rxe5 Qxe5 23. fxg6 hxg6 24. Rd1 Qg5+ 25. Qg3 Qxg3+ 26. fxg3 Re8 27. Kf2 Ne4+ 28. Bxe4 dxe4 29. Rd7 e3+ 30. Ke2 c5 31. Rd6 Kh6 32. Rxa6 Kg5 33. Rc6 c4 34. Rc5+ f5 35. Rxb5 Re4 36. Rd5 Re8 37. Rd4 Ra8 38. Rxc4 Rxa2 39. Rb4 Ra7 40. Kxe3 Re7+ 41. Kf3 Rd7 42. h4+ Kh5 43. Rb8 Kh6 44. Rh8+ Kg7 45. Rc8 Rd2 46. b4 Kf6 47. b5 Rb2 48. c4 Ke7 49. Rc6 Kf7 50. b6 Ke8 51. Rxg6 Rc2 52. Kf4 Rxc4+ 53. Kxf5 Kd7 54. Rg7+ Kc8 55. Rc7+ Rxc7 56. bxc7 Kxc7 57. h5 1-0

[Event "LSS RN-2009-0-00233"]
[Site "LSS email"]
[Date "2009.10.11"]
[Round "?"]
[White "Barna, Tamas Jr"]
[Black "Motz, Markus"]
[Result "1/2-1/2"]
[WhiteElo "507"]
[BlackElo "1157"]
[PlyCount "27"]
[EventDate "2009.09.17"]
[EventType "tourn (corr)"]
[EventRounds "6"]
[EventCountry "GER"]
[SourceTitle "Corr 2015"]
[Source "ChessBase"]
[SourceDate "2015.07.17"]
[SourceVersion "1"]
[SourceVersionDate "2015.07.17"]
[SourceQuality "1"]

1. e4 e6 2. d4 d5 3. Nc3 Nf6 4. Bd3 dxe4 5. Nxe4 Bd7 6. Qe2 Be7 7. Nf3 Bc6 8. Bg5 Bxe4 9. Bxe4 Nxe4 10. Qxe4 Nc6 11. Bxe7 Qxe7 12. 0-0-0 0-0-0 13. Ne5 Nxe5 14. Qxe5 1/2-1/2

[Event "LSS SN-2009-0-00192"]
[Site "LSS email"]
[Date "2009.10.11"]
[Round "?"]
[White "Motz, Markus"]
[Black "Ferluga, Sergio"]
[Result "0-1"]
[WhiteElo "1043"]
[BlackElo "1204"]
[PlyCount "116"]
[EventDate "2009.09.30"]
[EventType "tourn (corr)"]
[EventRounds "6"]
[EventCountry "GER"]
[SourceTitle "Telechess CBM 137"]
[Source "ChessBase"]
[SourceDate "2010.07.15"]
[SourceVersion "1"]
[SourceVersionDate "2010.07.15"]
[SourceQuality "1"]

1. d4 e6 2. Nf3 f5 3. Bf4 Nf6 4. e3 b6 5. Bd3 Bb7 6. 0-0 Be7 7. c4 0-0 8. Nc3 Nh5 9. Re1 Nxf4 10. exf4 Bf6 11. Ne5 d6 12. Nf3 Qd7 13. Bc2 Na6 14. a3 Bxf3 15. gxf3 Qf7 16. Ba4 Rad8 17. Qd2 c5 18. d5 Nc7 19. dxe6 Nxe6 20. Nd5 Nd4 21. Re3 Kh8 22. Rae1 Rb8 23. Kh1 a6 24. Bd1 b5 25. b3 Bh4 26. Kg1 a5 27. a4 bxc4 28. bxc4 Rb1 29. Kh1 Rfb8 30. Nc7 R1b2 31. Qc3 h6 32. Re8+ Kh7 33. Rxb8 Rxb8 34. Nb5 Bxf2 35. Rf1 Bh4 36. Qd3 Bf6 37. Nxd6 Qh5 38. Nb5 Qf7 39. Nd6 Qh5 40. Nb5 Rb7 41. Rg1 Rd7 42. Rf1 Bh4 43. Kg2 Bd8 44. Bc2 g6 45. Nxd4 cxd4 46. c5 Bc7 47. Bb3 Bxf4 48. Rh1 Qg5+ 49. Kh3 Be5 50. c6 Rg7 51. Qd1 Qe3 52. Kg2 d3 53. Re1 Qg5+ 54. Kh1 Qf4 55. Rxe5 Qxe5 56. Qxd3 g5 57. Kg2 Kg6 58. Qc4 h5 0-1

[Event "LSS No Engine Cup Gr08 prel 03 email"]
[Site "LSS email"]
[Date "2009.10.11"]
[Round "?"]
[White "Motz, Markus"]
[Black "Newman, Nelson"]
[Result "0-1"]
[WhiteElo "1053"]
[BlackElo "2070"]
[PlyCount "78"]
[EventDate "2009.10.12"]
[EventType "tourn (corr)"]
[EventRounds "6"]
[EventCountry "GER"]
[SourceTitle "Telechess CBM 137"]
[Source "ChessBase"]
[SourceDate "2010.07.15"]
[SourceVersion "1"]
[SourceVersionDate "2010.07.15"]
[SourceQuality "1"]

1. d4 Nf6 2. Nf3 e6 3. Bf4 b6 4. e3 Bb7 5. Be2 Be7 6. 0-0 Nh5 7. Nbd2 0-0 8. Ne5 Nxf4 9. exf4 d6 10. Nef3 c5 11. c3 Nd7 12. Bd3 Nf6 13. Re1 g6 14. h3 Qc7 15. Qe2 Rfe8 16. Bb5 Rec8 17. Ng5 cxd4 18. cxd4 h6 19. Nxe6 fxe6 20. Qxe6+ Kf8 21. Bd3 Qd7 22. Qxd7 Nxd7 23. Bxg6 Rc7 24. Ne4 Nf6 25. Ng3 Nd5 26. Nh5 Rc4 27. Rad1 Rac8 28. Bf5 R8c7 29. a3 Nf6 30. Ng3 a6 31. Bb1 Nd5 32. Ne2 b5 33. b3 R4c6 34. Be4 Rb6 35. b4 Bf6 36. g4 Kf7 37. Rd2 Re7 38. f3 Bh4 39. Rc1 Nxf4 0-1

[Event "LSS RN-2009-0-00233"]
[Site "LSS email"]
[Date "2009.10.11"]
[Round "?"]
[White "Reed, James A"]
[Black "Motz, Markus"]
[Result "0-1"]
[WhiteElo "746"]
[BlackElo "886"]
[PlyCount "76"]
[EventDate "2009.09.17"]
[EventType "tourn (corr)"]
[EventRounds "6"]
[EventCountry "GER"]
[SourceTitle "Telechess CBM 137"]
[Source "ChessBase"]
[SourceDate "2010.07.15"]
[SourceVersion "1"]
[SourceVersionDate "2010.07.15"]
[SourceQuality "1"]

1. e4 e6 2. d4 d5 3. Nc3 Nf6 4. Bg5 dxe4 5. Nxe4 Be7 6. Bxf6 Bxf6 7. Nf3 Be7 8. a3 Nd7 9. Bb5 0-0 10. h3 Nf6 11. Bd3 Rb8 12. Qd2 Nxe4 13. Bxe4 Bf6 14. 0-0 Qe7 15. Rfe1 Rd8 16. c3 c5 17. Qd3 g6 18. b3 cxd4 19. cxd4 Qd6 20. Red1 Bd7 21. Rac1 Bc6 22. Bxc6 bxc6 23. b4 e5 24. Rc4 Qe6 25. Qc2 Rd6 26. Re1 e4 27. Rxe4 Qd7 28. a4 Rd8 29. Qd2 Bg7 30. Qd3 Kf8 31. Qe3 f5 32. Ne5 Qe6 33. Nxc6 Qxc4 34. Nxd8 fxe4 35. Qxe4 Rxd8 36. Qf3+ Kg8 37. Qb7 Qxd4 38. Qf3 Qd1+ 0-1

[Event "LSS OP-2009-0-00955"]
[Site "LSS email"]
[Date "2009.10.01"]
[Round "?"]
[White "Motz, Markus"]
[Black "Saunders, Barrie"]
[Result "1/2-1/2"]
[WhiteElo "886"]
[BlackElo "1374"]
[PlyCount "111"]
[EventDate "2009.09.26"]
[EventType "tourn (corr)"]
[EventRounds "4"]
[EventCountry "GER"]
[SourceTitle "Telechess CBM 137"]
[Source "ChessBase"]
[SourceDate "2010.07.15"]
[SourceVersion "1"]
[SourceVersionDate "2010.07.15"]
[SourceQuality "1"]

1. d4 d6 2. Nf3 g6 3. e4 Bg7 4. Bc4 Nf6 5. Nc3 0-0 6. h3 c6 7. 0-0 Nbd7 8. Bf4 Nxe4 9. Nxe4 d5 10. Bd3 dxe4 11. Bxe4 Nf6 12. Bd3 Nd5 13. Bg3 Nb4 14. c3 Nd5 15. Qc2 Bh6 16. Ne5 Nf4 17. Bxf4 Bxf4 18. Rfe1 Be6 19. Rad1 Qb6 20. b3 Qc7 21. c4 Rad8 22. Be4 Bxe5 23. dxe5 Rxd1 24. Rxd1 Qxe5 25. f3 Qg3 26. Kf1 Qc7 27. Kf2 Qh2 28. Qc3 Bxh3 29. Rg1 Bc8 30. Qd4 a6 31. Rd1 h5 32. Qc5 Qh4+ 33. Kg1 Qf6 34. b4 h4 35. b5 h3 36. bxc6 Qb2 37. gxh3 Bxh3 38. Qf2 Qxf2+ 39. Kxf2 bxc6 40. Bxc6 Rc8 41. Bd5 e6 42. Bb7 Rxc4 43. Rd8+ Kg7 44. Ra8 Ra4 45. Rxa6 Rxa6 46. Bxa6 e5 47. a4 Bd7 48. Bb5 Bc8 49. Ke3 f5 50. a5 Bb7 51. a6 Ba8 52. Bd7 Bd5 53. Bc8 Bc4 54. Bb7 Bxa6 55. Bxa6 g5 56. Bc8 1/2-1/2

[Event "LSS RE-2009-0-00023"]
[Site "LSS email"]
[Date "2009.05.17"]
[Round "?"]
[White "Cuaycong, Virgilio"]
[Black "Motz, Markus"]
[Result "1-0"]
[WhiteElo "1364"]
[BlackElo "1289"]
[PlyCount "25"]
[EventDate "2009.02.24"]
[EventType "tourn (corr)"]
[EventRounds "6"]
[EventCountry "GER"]
[SourceTitle "Corr 2013"]
[Source "ChessBase"]
[SourceDate "2012.11.12"]
[SourceVersion "1"]
[SourceVersionDate "2012.11.12"]
[SourceQuality "1"]

1. e4 e6 2. d4 d5 3. Nc3 Nf6 4. Bg5 dxe4 5. Nxe4 Be7 6. Bxf6 Bxf6 7. Nf3 Be7 8. Bc4 Nd7 9. Qe2 Nf6 10. 0-0 Bd7 11. Rad1 Bc6 12. Nxf6+ Bxf6 13. d5 1-0

[Event "LSS RN-2009-0-00209"]
[Site "LSS email"]
[Date "2009.05.17"]
[Round "?"]
[White "Jokmin, Guido"]
[Black "Motz, Markus"]
[Result "0-1"]
[WhiteElo "834"]
[BlackElo "1289"]
[PlyCount "42"]
[EventDate "2009.04.17"]
[EventType "tourn (corr)"]
[EventRounds "6"]
[EventCountry "GER"]
[SourceTitle "Corr 2011"]
[Source "ChessBase"]
[SourceDate "2010.08.31"]
[SourceVersion "1"]
[SourceVersionDate "2010.08.31"]
[SourceQuality "1"]

1. d4 d5 2. c4 e6 3. g3 Nf6 4. Bg2 Be7 5. Nf3 c6 6. 0-0 0-0 7. c5 Nbd7 8. Nc3 Re8 9. Re1 Qc7 10. b4 e5 11. b5 e4 12. Nh4 Nf8 13. Bf4 Qd7 14. b6 Nh5 15. Be3 Bxh4 16. gxh4 Ng6 17. f4 Nxh4 18. Rf1 Nxg2 19. Kxg2 Qh3+ 20. Kg1 Qxe3+ 21. Kh1 Qxc3 0-1